MARC

LEADER 00000cam a2200000 7i4500
001 0000000975
005 20140323.0
020 0 0 |a 9251010463 
090 0 0 |a FAO634.98   |b CAB 1981 
245 0 0 |a CABLE logging system   |c prepared with the support of the FAO/Norway Government cooperative programme 
260 0 0 |a Rome :   |b Food and Agriculture Organization of the United Nations ,   |c 1981 
300 |a vi, 105 p. :   |b ill. ;   |c 28 cm. 
440 0 0 |a FAO forestry paper ; 24 
500 0 0 |a Bibliography: [p.100-102] 
650 0 0 |a Logging, Skyline 
650 0 0 |a Logging   |x Machinery 
650 0 0 |a Logging   |x Technological innovations 
710 1 1 |a Food and Agriculture Organization of the United Nations (FAO) 
998 |a JPSM 
999 |a 0000001997   |b Monograph   |c Reference   |e Default branch